| 000 | 00388nam a22001577a 4500 | ||
|---|---|---|---|
| 020 | _a9781444936490 | ||
| 040 | _cNUST | ||
| 082 | _a823 BLY | ||
| 100 | _aBlyton, Enid | ||
| 110 |
_aSoper, Eileen Alice _9110171 |
||
| 240 | _aThe Famous Five | ||
| 245 | _a Five go to Demon's Rocks | ||
| 260 |
_aLondon: _bHodder Children's, _c1997. |
||
| 650 | _aEnglish Fiction | ||
| 942 |
_2ddc _cBK |
||
| 999 |
_c593632 _d593632 |
||